Разработка способа восстановления гексафторида вольфрама-186 до вольфрама-186 в виде порошка; Химия и химическая технология в XXI веке; Т. 1

التفاصيل البيبلوغرافية
Parent link:Химия и химическая технология в XXI веке: материалы XXIII Международной научно-практической конференции студентов и молодых ученых имени выдающихся химиков Л. П. Кулёва и Н. М. Кижнера, Томск, 16-19 мая 2022 г./ Национальный исследовательский Томский политехнический университет (ТПУ); Инженерная школа природных ресурсов; Инженерная школа новых производственных технологий; Исследовательская школа химических и биомедицинских технологий..— , 2022
Т. 1.— 2022.— [С. 60-61]
المؤلف الرئيسي: Гусев Н. В.
مؤلف مشترك: Национальный исследовательский Томский политехнический университет Инженерная школа ядерных технологий Отделение ядерно-топливного цикла
مؤلفون آخرون: Егоров Н. Б. Николай Борисович (научный руководитель)
الملخص:Заглавие с титульного экрана
اللغة:الروسية
منشور في: 2022
سلاسل:Химия и химическая технология неорганических веществ и материалов
الموضوعات:
الوصول للمادة أونلاين:http://earchive.tpu.ru/handle/11683/72440
التنسيق: الكتروني فصل الكتاب
KOHA link:https://koha.lib.tpu.ru/cgi-bin/koha/opac-detail.pl?biblionumber=634265

MARC

LEADER 00000naa2a2200000 4500
001 634265
005 20231101133813.0
035 |a (RuTPU)RU\TPU\conf\36050 
035 |a RU\TPU\conf\36045 
090 |a 634265 
100 |a 20220520d2022 k y0rusy50 ca 
101 0 |a rus 
102 |a RU 
105 |a y z 101zy 
135 |a drgn ---uucaa 
181 0 |a i  
182 0 |a b 
200 1 |a Разработка способа восстановления гексафторида вольфрама-186 до вольфрама-186 в виде порошка  |f Н. В. Гусев  |g науч. рук. Н. Б. Егоров 
203 |a Текст  |c электронный 
225 1 |a Химия и химическая технология неорганических веществ и материалов 
230 |a 1 компьютерный файл (pdf; 1 461 Kb) 
300 |a Заглавие с титульного экрана 
320 |a [Библиогр.: с. 61 (3 назв.)] 
461 1 |0 (RuTPU)RU\TPU\conf\36040  |t Химия и химическая технология в XXI веке  |o материалы XXIII Международной научно-практической конференции студентов и молодых ученых имени выдающихся химиков Л. П. Кулёва и Н. М. Кижнера, Томск, 16-19 мая 2022 г.  |o в 2 т.  |f Национальный исследовательский Томский политехнический университет (ТПУ); Инженерная школа природных ресурсов; Инженерная школа новых производственных технологий; Исследовательская школа химических и биомедицинских технологий.  |d 2022 
463 1 |0 (RuTPU)RU\TPU\conf\36041  |t Т. 1  |v [С. 60-61]  |d 2022 
610 1 |a труды учёных ТПУ 
610 1 |a электронный ресурс 
610 1 |a восстановление 
610 1 |a гексафторид вольфрама 
610 1 |a вольфрам-186 
610 1 |a порошки 
610 1 |a рентгенофлуоресцентный анализ 
610 1 |a радиоизотопы 
700 1 |a Гусев  |b Н. В. 
702 1 |a Егоров  |b Н. Б.  |c химик-технолог  |c доцент Томского политехнического университета, кандидат химических наук  |f 1974-  |g Николай Борисович  |2 stltpush  |4 727 
712 0 2 |a Национальный исследовательский Томский политехнический университет  |b Инженерная школа ядерных технологий  |b Отделение ядерно-топливного цикла  |h 7864  |2 stltpush  |3 (RuTPU)RU\TPU\col\23554 
801 2 |a RU  |b 63413507  |c 20220623  |g RCR 
856 4 |u http://earchive.tpu.ru/handle/11683/72440 
942 |c BK